Govt. of
Madhya Pradesh

Hotel Palestine Baghdad (Record no. 15026)

MARC details
000 -LEADER
fixed length control field 004960000a22001930004500
001 - CONTROL NUMBER
control field 003120
003 - CONTROL NUMBER IDENTIFIER
control field MACL
005 - DATE AND TIME OF LATEST TRANSACTION
control field 20151015132459.0
008 - FIXED-LENGTH DATA ELEMENTS--GENERAL INFORMATION
fixed length control field 151015b xxu||||| |||| 00| 0 eng d
040 ## - CATALOGING SOURCE
Original cataloging agency MACL
Transcribing agency MACL
041 ## - LANGUAGE CODE
Language code of text/sound track or separate title English
082 ## - DEWEY DECIMAL CLASSIFICATION NUMBER
Classification number 920.567/DAN
100 ## - MAIN ENTRY--PERSONAL NAME
Personal name Danahar, Paul
9 (RLIN) 14982
245 ## - TITLE STATEMENT
Title Hotel Palestine Baghdad
Remainder of title Pages From A War Diary
Statement of responsibility, etc. Paul Danahar
260 ## - PUBLICATION, DISTRIBUTION, ETC. (IMPRINT)
Place of publication, distribution, etc. Delhi
Date of publication, distribution, etc. 2003
Name of publisher, distributor, etc. Lotus Collection,
350 ## - PRICE (NR) (BK AM CF MU VM SE) [OBSOLETE]
Price 295
650 ## - SUBJECT ADDED ENTRY--TOPICAL TERM
Topical term or geographic name as entry element Biography
9 (RLIN) 14983
942 ## - ADDED ENTRY ELEMENTS (KOHA)
Call number prefix 921
Koha item type Books
Source of classification or shelving scheme
Holdings
Withdrawn status Lost status Source of classification or shelving scheme Damaged status Not for loan Home library Current library Date acquired Cost, normal purchase price Total Checkouts Total Renewals Full call number Barcode Date last seen Date last checked out Uniform Resource Identifier Price effective from Koha item type
          MACL MACL 15/04/2015 295.00 1 1 920.567/DAN CRE015417 02/05/2024 07/10/2018 14915 15/04/2015 Books